Jesuspa Rikch'anachiy Siminkuna : (Record no. 23394)

000 -CABECERA
fixed length control field 00707nam a22002057i 4500
003 - IDENTIFICADOR DEL NÚMERO DE CONTROL
control field AR-CdUCM
008 - DATOS DE LONGITUD FIJA--INFORMACIÓN GENERAL
fixed length control field 250904b ||||| |||| 00| 0 spa d
020 ## - NÚMERO INTERNACIONAL ESTÁNDAR DEL LIBRO
ISBN 978-612-00-4804-7
040 ## - FUENTE DE LA CATALOGACIÓN
Agencia/entidad que catalogó originalmente la obra MUNICIPALIDAD PROVINCIAL DEL CUSCO
Entidad que transcribió la catalogación BIBLIOTECA MUNICIPAL DEL CUSCO
082 ## - NÚMERO DE LA CLASIFICACIÓN DECIMAL DEWEY
No. de Clasificación 232.954 / L68
Notacion interna L68
100 ## - ENTRADA PRINCIPAL--NOMBRE DE PERSONA
Nombre Personal Liva Quillahuamán, Jorge C.
245 ## - MENCIÓN DE TÍTULO
Título Jesuspa Rikch'anachiy Siminkuna :
Resto del título Las parábolas de Jesús /
260 ## - PUBLICACIÓN, DISTRIBUCIÓN, ETC.
Lugar de publicación, distribución, etc. Cusco :
Nombre de la editorial, distribuidor, etc. Autor-Editor
Fecha de publicación, distribución, etc. 2019
300 ## - DESCRIPCIÓN FÍSICA
Nº de Páginas Extensión 94 páginas. :
Otros detalles físicos Ilustraciones
Dimensiones 17x12 cm.
505 ## - NOTA DE CONTENIDO CON FORMATO
Nota de contenido formateada Patara reqsichiy -- Pampachaymanta rich'anachiy simi
650 ## - PUNTO DE ACCESO ADICIONAL DE MATERIA--TÉRMINO DE MATERIA
Descriptor Parábolas en quechua
9 (RLIN) 51505
942 ## - ELEMENTOS DE PUNTO DE ACCESO ADICIONAL (KOHA)
Fuente de clasificación
Tipo de item Libros-BMC
945 ## - PROCESAMIENTO DE INFORMACIÓN LOCAL (OCLC)
Catalogador pbjr
AAAA-MM-DD - Fecha de ingreso o modificacion 4-09-2025
Holdings
Estado de retiro (separado) Fuente de clasificación o esquema de estanterías Estado dañado Ubicación Sala donde se ubica Nombre de la colección Fecha de adquisición o compra Fuente de adquisición Costo, precio normal en soles Signatura topográfica Código de Barras Última vez visto (Koha) Tipo de ítem (Koha)
No     Sala Humanidades Sala Humanidades Book Cart 2025-09-04 Depósito legal 5.00 232.954 / L68 SH0000017006 2025-09-04 Libros-BMC

Powered by Koha